| 000 | 00413nam a22001457a 4500 | ||
|---|---|---|---|
| 003 | MACL | ||
| 005 | 20180615161718.0 | ||
| 008 | 180615b xxu||||| |||| 00| 0 eng d | ||
| 040 | _cMACL | ||
| 100 |
_aBalachandran ,Vappala _972750 |
||
| 245 | _aNational Security and Intelligence Management : A new Paradigm | ||
| 260 |
_aMumbai _bIndus Source Books _c2014 |
||
| 650 |
_aAdministration _972751 |
||
| 942 |
_2ddc _cBK |
||
| 999 |
_c58225 _d58225 |
||